00617nam a2200133Ia 4500008004100000100001800041245018400059260004600243300002000289650001300309856006900322999001900391952007300410160712s9999 xx 000 0 und d aIlao, Joel P. cJoel P. IlaoaKomparatibong Analisis ng Aktuwal na Gamit ng Wika at mga Piling Pamantayan sa Gramatika at Ortograpiya sa Filipino, Sebwano-Bisaya at Ilokano: Lapit Batay sa Korpus c2012bDaluyan: Journal ng Wikang Filipino avol. 18 no. 1-2 xFILIPINO uhttp://journals.upd.edu.ph/index.php/djwf/issue/view/340/showToc c297422d297422 001040aCLbCLd2016-07-12l0r2016-07-12 00:00:00w2016-07-12yFEJ